Ο Νεοελληνικός Διαφωτισμός : οι φιλοσοφικές ιδέες
Αποθηκεύτηκε σε:
| Κύριος συγγραφέας: | |
|---|---|
| Μορφή: | Βιβλίο |
| Γλώσσα: | Greek |
| Δημοσίευση: |
Αθήνα :
Θεμέλιο,
1988
|
| Σειρά: | Ιστορική βιβλιοθήκη (Θεμέλιο)
|
| Θέματα: | |
| Ετικέτες: |
Προσθήκη ετικέτας
Δεν υπάρχουν, Καταχωρήστε ετικέτα πρώτοι!
|
MARC
| LEADER | 00000cam a2200000 i 4500 | ||
|---|---|---|---|
| 001 | 1/92993 | ||
| 008 | 940321s1988 gr | ||| |||| ||gre|| | ||
| 035 | |l 10008672 | ||
| 040 | |a GR-MY-UA |b gre |e aacr | ||
| 041 | 0 | |a gre | |
| 082 | 0 | |a 190.495 | |
| 100 | 1 | |a Κονδύλης, Παναγιώτης, |d 1943-1998. | |
| 245 | 1 | 2 | |a Ο Νεοελληνικός Διαφωτισμός : |b οι φιλοσοφικές ιδέες / |c Παναγιώτης Κονδύλης |
| 260 | |a Αθήνα : |b Θεμέλιο, |c 1988 | ||
| 300 | |a 262 σ. | ||
| 490 | 1 | |a Ιστορική Βιβλιοθήκη | |
| 500 | |a Περιέχει ευρετήρια | ||
| 650 | 0 | 0 | |a Philosophy, Greek (Modern) |
| 650 | 0 | 0 | |a Enlightenment |z Greece. |
| 650 | 0 | 0 | |a Enlightenment |x History. |
| 651 | 0 | |a Greece |x Intellectual life. | |
| 830 | 0 | |a Ιστορική βιβλιοθήκη (Θεμέλιο) | |
| 852 | |a INST |b LESVOS |e 19940321 |h 190.495 ΚΟΝ |p 005100006629 |q 005100006629 |t BK |y 0 | ||
| 852 | |a INST |b LESVOS |e 19980522 |h 190.495 ΚΟΝ |p 005100013939 |q 005100013939 |t BK |y 0 | ||
| 852 | |a INST |b LESVOS |e 20000209 |h 190.495 ΚΟΝ |p 005100021902 |q 005100021902 |t BK |y 0 | ||
| 852 | |a INST |b RHODES |e 19980603 |h 938.482 ΚΟΝ |p 005400006595 |q 005400006595 |t BK |y 0 | ||
| 901 | |a BIBL-1998-2 | ||
| 909 | |a Ρ |b 053012 |c 1998 | ||
| 909 | |a Λ |b 020720 | ||
| 909 | |a Λ |b 056559 | ||
| 909 | |a Λ |b 067039 | ||
| 922 | |a 1ΕΛΗ |b 199805 |c ΚΠΣ/ΤΓ |d EMVASIS | ||
| 922 | |a 4ΕΛΗ |b 199801 |c ΚΠΣ/ΔΕ |d EMVASIS | ||
| 950 | |a 118-1998-03-23 | ||
| 970 | |a ΑΙΒΑΤΖΙΔΟΥ |b ΕΛΕΝΗ |z 2000/02/09 | ||